| 000 | 00524nam a2200181 a 4500 | ||
|---|---|---|---|
| 005 | 20140310183144.0 | ||
| 008 | 020824s19uu xx 00 eng d | ||
| 020 | _a971111013x | ||
| 050 |
_aHF 1017 _b.M379 1999 |
||
| 100 | _aMartin, Matt L. | ||
| 245 |
_aBusiness statistics for MBA w/ computer application / _cMatt L. Martin. |
||
| 260 |
_aQuezon City : _bJMC Press , Inc., _c1999. |
||
| 300 |
_a215 p. : _bill. ; _c24 cm. |
||
| 521 | _aBSBA | ||
| 650 | _aBusiness statistics | ||
| 942 |
_cBK _2lcc _kLOC |
||
| 999 |
_c19491 _d19491 |
||